000
nam a22 7a 4500
999
_c
40959
_d
40959
003
OSt
005
20180127154913.0
008
180127b xxu||||| |||| 00| 0 eng d
040
_c
sero soft
100
_a
Jain,Indu
245
_a
Science (Sem -1)
260
_a
Lucknow
_b
Thakur Pub Pvt Ltd
300
_a
175
942
_2
ddc
_c
01